[Event "33. Senioren LEM Sachsen-Anhalt 65+"]
[Site "Magdeburg, Germany"]
[Date "2025.07.07"]
[Round "1.1"]
[White "Schwarz, Hans"]
[Black "Okrajek, Alexander"]
[Result "0-1"]
[WhiteElo "1858"]
[BlackElo "2187"]
[PlyCount "158"]
[EventDate "2025.??.??"]

1. e4 c6 2. d4 d5 3. Nc3 dxe4 4. Nxe4 Nf6 5. Nxf6+ exf6 6. Nf3 Bd6 7. Be2 O-O
8. O-O Nd7 9. c4 Re8 10. b3 Nf8 11. Bb2 Bc7 12. Qc2 Qd6 13. h3 Bf5 14. Bd3 Bg6
15. Bxg6 hxg6 16. g3 Ne6 17. Rad1 Bb6 18. Kg2 c5 19. d5 Nf8 20. Bc1 Ba5 21. Bd2
Bxd2 22. Qxd2 Nd7 23. Rde1 Ne5 24. Re3 Re7 25. Rfe1 Rae8 26. Qc3 b5 27. Nxe5
fxe5 28. Qd3 b4 29. f4 exf4 30. Rxe7 Rxe7 31. Rxe7 Qxe7 32. gxf4 Qd6 33. Qe3
Qa6 34. Qe8+ Kh7 35. Qe2 Qf6 36. Qe5 Qa6 37. Qe2 Qf6 38. Qf2 Qe7 39. Kf3 Kg8
40. Qe3 Kf8 41. Qe5 f6 42. Qb8+ Kf7 43. d6 Qd7 44. Qc7 Ke8 45. Qxc5 Qxh3+ 46.
Ke2 Qg4+ 47. Ke1 Qg3+ 48. Qf2 Qc3+ 49. Qd2 Qg3+ 50. Ke2 Kd7 51. c5 Qg2+ 52. Kd3
Qd5+ 53. Ke2 Qxc5 54. Qd3 Qh5+ 55. Ke1 Qh1+ 56. Ke2 Qh2+ 57. Ke1 Qg1+ 58. Ke2
Qg4+ 59. Ke1 Qe6+ 60. Kf1 Qxd6 61. Qb5+ Kd8 62. Qa5+ Ke8 63. Qxa7 Qxf4+ 64. Kg1
Kf8 65. Qa8+ Kf7 66. Qd5+ Ke7 67. Qb7+ Ke6 68. Qc8+ Kf7 69. Qd7+ Kg8 70. Qc8+
Kh7 71. Qh3+ Qh6 72. Qc8 Qe3+ 73. Kh1 Qe4+ 74. Kg1 g5 75. Qa6 g4 76. Qb5 Kg6
77. Qa6 Kg5 78. Qa5+ Kh4 79. Qc7 g3 0-1

[Event "33. Senioren LEM Sachsen-Anhalt 65+"]
[Site "Magdeburg, Germany"]
[Date "2025.07.07"]
[Round "1.2"]
[White "Kahe, Ralph"]
[Black "Zechel, Rolf-Ruediger"]
[Result "1-0"]
[WhiteElo "2149"]
[BlackElo "1855"]
[PlyCount "59"]
[EventDate "2025.??.??"]

1. d4 Nf6 2. c4 c5 3. d5 e6 4. Nc3 exd5 5. cxd5 d6 6. e4 g6 7. Bd3 Bg7 8. Nge2
O-O 9. O-O a6 10. a4 Nbd7 11. h3 Ne5 12. Bc2 Nf3+ 13. gxf3 Bxh3 14. Bg5 Bxf1
15. Qxf1 h6 16. Bh4 g5 17. Bg3 Qd7 18. Qg2 Rfb8 19. Qh2 Ne8 20. e5 b5 21. axb5
axb5 22. Rd1 b4 23. Ne4 Ra2 24. Rb1 Qb5 25. Nc1 Ra6 26. exd6 b3 27. Bxb3 c4 28.
Bc2 Rab6 29. d7 Qxd7 30. Bxb8 1-0

[Event "33. Senioren LEM Sachsen-Anhalt 65+"]
[Site "Magdeburg, Germany"]
[Date "2025.07.07"]
[Round "1.3"]
[White "Brekenkamp, Juergen"]
[Black "Koehler, Gerhard"]
[Result "0-1"]
[WhiteElo "1852"]
[BlackElo "2147"]
[PlyCount "76"]
[EventDate "2025.??.??"]

1. d4 Nf6 2. c4 e6 3. Nc3 Bb4 4. a3 Bxc3+ 5. bxc3 c5 6. e3 O-O 7. Bd3 d6 8. e4
e5 9. d5 Nbd7 10. f4 exf4 11. Bxf4 Qe7 12. Nf3 Ng4 13. O-O Nge5 14. Qc2 Ng6 15.
Bg3 Nde5 16. Rab1 Re8 17. Nxe5 Nxe5 18. Bxe5 Qxe5 19. Rf3 f6 20. Qd2 Rb8 21.
Rg3 Bd7 22. Rf1 a6 23. Rff3 Kh8 24. Qf4 b5 25. cxb5 axb5 26. Qxe5 Rxe5 27. h3
c4 28. Bc2 Ra8 29. Re3 Rxa3 30. Kf2 Re8 31. Re2 Ra2 32. Ke3 Rea8 33. Kd4 Kg8
34. h4 h5 35. Rf2 Bg4 36. Ke3 Kf8 37. Kf4 Rb2 38. Ke3 Raa2 0-1

[Event "33. Senioren LEM Sachsen-Anhalt 65+"]
[Site "Magdeburg, Germany"]
[Date "2025.07.07"]
[Round "1.4"]
[White "Broemel, Richard"]
[Black "Dehning-Busse, Karsten"]
[Result "1-0"]
[WhiteElo "2140"]
[BlackElo "1851"]
[PlyCount "47"]
[EventDate "2025.??.??"]

1. d4 g6 2. c3 Bg7 3. Bf4 d6 4. Nf3 Nd7 5. e4 e5 6. dxe5 dxe5 7. Bg3 Qe7 8. Bc4
Nb6 9. Bb3 Be6 10. O-O Rd8 11. Qe2 Bg4 12. Nbd2 Nh6 13. h3 Bh5 14. Qe3 Bxf3 15.
Nxf3 f6 16. Rad1 Nf7 17. a4 a5 18. Rxd8+ Kxd8 19. Qd3+ Nd6 20. Rd1 Nd7 21. Qd5
b6 22. Qa8+ Nc8 23. Bc4 c6 24. Ba6 1-0

[Event "33. Senioren LEM Sachsen-Anhalt 65+"]
[Site "Magdeburg, Germany"]
[Date "2025.07.07"]
[Round "1.6"]
[White "Babrikowski, Peter"]
[Black "Maechler, Frank"]
[Result "1-0"]
[WhiteElo "2103"]
[BlackElo "1848"]
[PlyCount "37"]
[EventDate "2025.??.??"]

1. e4 d5 2. exd5 Qxd5 3. Nc3 Qd8 4. d4 Nf6 5. Nf3 e6 6. Be2 Be7 7. O-O O-O 8.
Ne5 c5 9. Be3 cxd4 10. Bxd4 Nbd7 11. Bf3 Bc5 12. Nxd7 Nxd7 13. Ne4 Bxd4 14.
Qxd4 Qb6 15. Qc3 Rb8 16. Rad1 Qd8 17. Rd2 b6 18. Rfd1 Rb7 19. Nf6+ 1-0

[Event "33. Senioren LEM Sachsen-Anhalt 65+"]
[Site "Magdeburg, Germany"]
[Date "2025.07.07"]
[Round "1.7"]
[White "Bosveld, Henk"]
[Black "Szenetra, Werner"]
[Result "0-1"]
[WhiteElo "1846"]
[BlackElo "2095"]
[PlyCount "80"]
[EventDate "2025.??.??"]

1. c4 g6 2. g3 Bg7 3. Bg2 d6 4. Nc3 e5 5. d3 Nd7 6. e4 Ne7 7. Nge2 O-O 8. O-O
c6 9. h3 f5 10. Be3 h6 11. Qd2 Kh7 12. d4 exd4 13. Bxd4 Ne5 14. Bxe5 dxe5 15.
Rad1 Qxd2 16. Rxd2 Be6 17. b3 f4 18. f3 Rad8 19. Rfd1 Rxd2 20. Rxd2 fxg3 21.
Rd6 Bc8 22. Nxg3 h5 23. Na4 h4 24. Nf1 b6 25. Ne3 Bh6 26. Ng4 Bxg4 27. hxg4
Be3+ 28. Kh2 Kg7 29. Kh3 g5 30. c5 bxc5 31. Rd7 Kf6 32. Nb2 Ke6 33. Rc7 Rc8 34.
Rb7 Ng6 35. Bf1 Nf4+ 36. Kh2 Rd8 37. Nc4 Bf2 38. Rc7 Rd1 39. Rxc6+ Ke7 40. Rc7+
Kd8 0-1

[Event "33. Senioren LEM Sachsen-Anhalt 65+"]
[Site "Magdeburg, Germany"]
[Date "2025.07.07"]
[Round "1.8"]
[White "Schober, Ralf"]
[Black "Sauter, Arthur"]
[Result "1-0"]
[WhiteElo "2091"]
[BlackElo "1841"]
[PlyCount "103"]
[EventDate "2025.??.??"]

1. f4 c5 2. Nf3 d5 3. e3 Nc6 4. b3 Nf6 5. Bb2 e6 6. Bb5 Be7 7. Bxc6+ bxc6 8. d3
O-O 9. O-O Ng4 10. Qe2 f5 11. Nbd2 Bf6 12. Bxf6 Qxf6 13. h3 Nh6 14. Ne5 Nf7 15.
Ndf3 Nd8 16. g4 fxg4 17. hxg4 d4 18. Nd2 Qe7 19. Ne4 Nf7 20. Qh2 Nxe5 21. fxe5
Bd7 22. Qg3 Rxf1+ 23. Rxf1 Rf8 24. Rxf8+ Qxf8 25. Qf2 dxe3 26. Qxf8+ Kxf8 27.
Nxc5 Bc8 28. Kf1 Kf7 29. Ke2 Kg6 30. Kxe3 h5 31. gxh5+ Kxh5 32. Kf4 Kg6 33. Kg4
Kh6 34. b4 Kg6 35. Ne4 Bd7 36. Nd6 Kh6 37. Ne4 Kg6 38. Kf4 Kh5 39. Ke3 Kg4 40.
Nc5 Bc8 41. Ke4 Kg3 42. Ke3 Kg4 43. d4 g5 44. a4 Kg3 45. c4 g4 46. Ne4+ Kg2 47.
Kf4 Kf1 48. b5 cxb5 49. axb5 Ke2 50. Nd6 Bd7 51. c5 Kd3 52. c6 1-0

[Event "33. Senioren LEM Sachsen-Anhalt 65+"]
[Site "Magdeburg, Germany"]
[Date "2025.07.07"]
[Round "1.9"]
[White "Hauke, Hans"]
[Black "Stuemer, Paul"]
[Result "0-1"]
[WhiteElo "1836"]
[BlackElo "2076"]
[PlyCount "50"]
[EventDate "2025.??.??"]

1. e4 c5 2. Nf3 Nc6 3. c3 d5 4. exd5 Qxd5 5. d4 g6 6. Be2 Bg7 7. O-O cxd4 8.
cxd4 a6 9. Nc3 Qd8 10. Be3 Bg4 11. d5 Bxf3 12. Bxf3 Ne5 13. Re1 Nf6 14. d6
Nxf3+ 15. Qxf3 Qxd6 16. Bf4 Qb4 17. a3 Qxb2 18. Rab1 Qxa3 19. Qxb7 O-O 20. Rb3
Qc5 21. Rxe7 Rae8 22. Rxe8 Rxe8 23. g3 Qc4 24. Qb4 Re1+ 25. Kg2 Qf1+ 0-1

[Event "33. Senioren LEM Sachsen-Anhalt 65+"]
[Site "Magdeburg, Germany"]
[Date "2025.07.07"]
[Round "1.10"]
[White "Ruether, Rudolf"]
[Black "Vonach, Bernhard"]
[Result "0-1"]
[WhiteElo "2071"]
[BlackElo "1831"]
[PlyCount "70"]
[EventDate "2025.??.??"]

1. g4 d5 2. Bg2 c6 3. c4 e6 4. Nf3 Be7 5. Qc2 h5 6. gxh5 Rxh5 7. b3 Na6 8. d3
Bf6 9. Bb2 Nb4 10. Qd2 a5 11. Nc3 Nh6 12. O-O-O b5 13. Kb1 bxc4 14. dxc4 Qb6
15. e3 dxc4 16. bxc4 a4 17. a3 Na6 18. Ne4 Be7 19. Qd4 Nc5 20. Nxc5 Rxc5 21.
Ne5 Nf5 22. Qc3 Rxe5 23. Qxe5 Bf6 24. Bxc6+ Qxc6 25. Qb5 Qxb5 26. cxb5 Bxb2 27.
Kxb2 Bb7 28. Rhg1 g6 29. Rd2 Bd5 30. Kc3 Rc8+ 31. Kb4 Bb3 32. b6 Ke7 33. Ka5
Ra8+ 34. Kb5 Nd6+ 35. Kb4 Nc4 0-1

[Event "33. Senioren LEM Sachsen-Anhalt 65+"]
[Site "Magdeburg, Germany"]
[Date "2025.07.07"]
[Round "1.11"]
[White "Jaekel, Michael"]
[Black "Krueger, Wolfgang"]
[Result "0-1"]
[WhiteElo "1819"]
[BlackElo "2069"]
[PlyCount "106"]
[EventDate "2025.??.??"]

1. e4 c6 2. d4 g6 3. e5 d5 4. c4 Bg7 5. Nc3 a6 6. Nf3 e6 7. c5 Ne7 8. Bd3 Nd7
9. b4 O-O 10. O-O Nf5 11. Re1 Re8 12. g4 Nh4 13. g5 Nf5 14. Bxf5 exf5 15. h4
Nf8 16. Ne2 a5 17. Bd2 axb4 18. Bxb4 b6 19. cxb6 Qxb6 20. Bc5 Qa5 21. Nf4 Ne6
22. Nxe6 Bxe6 23. Nd2 h6 24. Nb3 Qa4 25. Qd2 h5 26. f4 Reb8 27. Bd6 Rb5 28.
Rec1 Rc8 29. Nc5 Qa3 30. Rc3 Qb2 31. Qe1 Ra5 32. a3 Bf8 33. Nb3 Rb5 34. Bxf8
Rxb3 35. Bb4 Rxc3 36. Bxc3 Qb3 37. Qc1 c5 38. Rb1 Qc4 39. Qe3 cxd4 40. Bxd4 Qa4
41. Bc5 Qc2 42. Rc1 Qb2 43. Rd1 Qa2 44. Qf2 Qb3 45. Rc1 d4 46. Kh2 d3 47. Qd4
Bd5 48. Qf2 Be4 49. Qd2 Qb5 50. Bd4 Rc2 51. Rxc2 dxc2 52. Bf2 Qf1 53. Be3 c1=Q
0-1

[Event "33. Senioren LEM Sachsen-Anhalt 65+"]
[Site "Magdeburg, Germany"]
[Date "2025.07.07"]
[Round "1.12"]
[White "Heinemann, Ernst"]
[Black "Brandt, Joachim"]
[Result "1-0"]
[WhiteElo "2063"]
[BlackElo "1818"]
[PlyCount "53"]
[EventDate "2025.??.??"]

1. e4 e6 2. d4 d5 3. e5 c5 4. c3 Nc6 5. Nf3 Bd7 6. Bd3 cxd4 7. O-O Rc8 8. Re1
Nge7 9. h4 Qb6 10. Nbd2 dxc3 11. bxc3 Na5 12. Rb1 Qc7 13. Qe2 Ng6 14. Nb3 Nxb3
15. Rxb3 Be7 16. g3 Bc5 17. Nd4 a6 18. h5 Ne7 19. Qg4 Ba4 20. Nxe6 fxe6 21.
Qxa4+ b5 22. Qxa6 O-O 23. Qxe6+ Kh8 24. Be3 Qa7 25. Rxb5 Rc6 26. Qg4 Qxa2 27.
Rxc5 1-0

[Event "33. Senioren LEM Sachsen-Anhalt 65+"]
[Site "Magdeburg, Germany"]
[Date "2025.07.07"]
[Round "1.13"]
[White "Gismann, Juergen"]
[Black "Kolthoff, Siegmund"]
[Result "0-1"]
[WhiteElo "1810"]
[BlackElo "2063"]
[PlyCount "68"]
[EventDate "2025.??.??"]

1. e4 c5 2. c4 Nc6 3. Nf3 e6 4. Nc3 Nf6 5. Be2 Be7 6. O-O O-O 7. d4 cxd4 8.
Nxd4 d6 9. h3 Qc7 10. Be3 Ne5 11. Qb3 a6 12. Rac1 b6 13. f4 Ned7 14. Nf3 Bb7
15. Bd3 Nc5 16. Qc2 Nxd3 17. Qxd3 Rac8 18. Rc2 Qxc4 19. Qxc4 Rxc4 20. e5 dxe5
21. Nxe5 Rcc8 22. Bxb6 h6 23. Rd1 Rfe8 24. Rcd2 Bb4 25. Rd3 Nd5 26. Nxd5 Bxd5
27. a3 Be7 28. b4 Rc2 29. R1d2 Rec8 30. Rxc2 Rxc2 31. Nf3 Bd6 32. g3 f6 33. Rd2
Rc6 34. Bd4 Bxf3 0-1

[Event "33. Senioren LEM Sachsen-Anhalt 65+"]
[Site "Magdeburg, Germany"]
[Date "2025.07.07"]
[Round "1.14"]
[White "Kliewe, Hans-Juergen"]
[Black "Roth, Heinz-Georg"]
[Result "1-0"]
[WhiteElo "2045"]
[BlackElo "1808"]
[PlyCount "57"]
[EventDate "2025.??.??"]

1. d4 f5 2. Nf3 Nf6 3. Bf4 e6 4. e3 b6 5. c4 Bb7 6. Nc3 Bb4 7. Be2 Ne4 8. Qb3
Bxc3+ 9. bxc3 d6 10. c5 Qe7 11. Bb5+ Bc6 12. cxd6 cxd6 13. d5 Bxb5 14. Qxb5+
Qd7 15. Qxd7+ Kxd7 16. dxe6+ Kxe6 17. Nd4+ Kf6 18. Nb5 Na6 19. f3 Nec5 20. Bxd6
Rhd8 21. Ke2 Na4 22. Rac1 Ke6 23. Bb4 Nb2 24. g4 fxg4 25. fxg4 Rd7 26. Rhf1 Nc4
27. Nd4+ Kd5 28. Rf5+ Ke4 29. Rcf1 1-0

[Event "33. Senioren LEM Sachsen-Anhalt 65+"]
[Site "Magdeburg, Germany"]
[Date "2025.07.07"]
[Round "1.15"]
[White "Broeder, Hans Gert"]
[Black "Schmidt, Joerg"]
[Result "1-0"]
[WhiteElo "1804"]
[BlackElo "2044"]
[PlyCount "91"]
[EventDate "2025.??.??"]

1. e4 c5 2. c3 d5 3. exd5 Qxd5 4. d4 cxd4 5. cxd4 e5 6. dxe5 Qxd1+ 7. Kxd1 Nc6
8. Bb5 Bd7 9. Nf3 O-O-O 10. Ke2 Nxe5 11. Bxd7+ Nxd7 12. Bf4 Re8+ 13. Kf1 Bb4
14. Nbd2 Ngf6 15. Rc1+ Kd8 16. a3 Bxd2 17. Bxd2 Nd5 18. Bg5+ f6 19. Rd1 Nc7 20.
Be3 a6 21. Ke2 Kc8 22. Rc1 Kb8 23. Rhd1 Re7 24. Kf1 Ne6 25. Rd6 Rc8 26. Rcd1
Ndc5 27. Nd4 Nxd4 28. R1xd4 Ne6 29. Re4 Rce8 30. Bb6 Kc8 31. Rc4+ Kb8 32. Re4
Kc8 33. f4 Nc7 34. Rc4 Rd8 35. Rxd8+ Kxd8 36. Kf2 f5 37. h3 Kc8 38. g4 g6 39.
gxf5 gxf5 40. Kg3 Kb8 41. Bxc7+ Rxc7 42. Rxc7 Kxc7 43. Kh4 Kd6 44. Kg5 Ke6 45.
h4 a5 46. a4 1-0

[Event "33. Senioren LEM Sachsen-Anhalt 65+"]
[Site "Magdeburg, Germany"]
[Date "2025.07.07"]
[Round "1.16"]
[White "Bauer, Burkhard"]
[Black "Geyler, Stefan"]
[Result "1-0"]
[WhiteElo "2023"]
[BlackElo "1802"]
[PlyCount "105"]
[EventDate "2025.??.??"]

1. d4 Nf6 2. Bf4 c5 3. e3 Qb6 4. b3 d6 5. Bd3 g6 6. Nf3 Bg7 7. O-O O-O 8. h3
Nbd7 9. c3 Re8 10. Bh2 e5 11. dxe5 Nxe5 12. Nxe5 dxe5 13. e4 Nh5 14. Re1 Be6
15. Qc2 Rad8 16. Na3 a6 17. Nc4 Qc7 18. Ne3 b5 19. c4 Nf4 20. Bf1 b4 21. Nd5
Qb7 22. Rad1 Qb8 23. Bg3 h6 24. f3 Kh8 25. Bf2 Rc8 26. Be3 Bf8 27. Qb2 Bg7 28.
Qf2 Bf8 29. Nf6 Qa7 30. Nxe8 Rxe8 31. Rd2 Bc8 32. Red1 Ne6 33. Bd3 Qc7 34. Rf1
Bg7 35. Bb1 Bb7 36. Rfd1 Bc8 37. Qg3 Qe7 38. Kh2 Qf6 39. Qf2 Qe7 40. Bd3 Qc7
41. Bf1 Qe7 42. h4 h5 43. g3 Qc7 44. Bh3 Bf8 45. Bxe6 Bxe6 46. Bg5 Kg7 47. Qe3
Kh7 48. Rd8 Rxd8 49. Bxd8 Qb8 50. Bf6 Qc7 51. Qd3 Bg7 52. Bxg7 Kxg7 53. Qd6 1-0

[Event "33. Senioren LEM Sachsen-Anhalt 65+"]
[Site "Magdeburg, Germany"]
[Date "2025.07.07"]
[Round "1.17"]
[White "Moews, Harald"]
[Black "Waltenberger, Udo"]
[Result "0-1"]
[WhiteElo "1800"]
[BlackElo "2012"]
[PlyCount "88"]
[EventDate "2025.??.??"]

1. e4 c5 2. Bc4 Nc6 3. a3 g6 4. d3 Bg7 5. c3 e6 6. Be3 b6 7. Nd2 Nge7 8. Ne2
O-O 9. O-O Bb7 10. f4 d5 11. Ba2 Qd7 12. Qe1 Rad8 13. Rd1 d4 14. cxd4 Nxd4 15.
Nxd4 Bxd4 16. Nc4 Nc6 17. g4 b5 18. Ne5 Nxe5 19. fxe5 Bxe3+ 20. Qxe3 Qd4 21.
Qxd4 Rxd4 22. b3 Rfd8 23. Bb1 c4 24. bxc4 bxc4 25. Rde1 cxd3 26. Re3 d2 27. Rd1
Bc6 28. Rc3 Bxe4 29. Bxe4 Rxe4 30. Kf2 Rxe5 31. h3 h5 32. Re3 Rxe3 33. Kxe3
hxg4 34. hxg4 Rd5 35. Rxd2 Rxd2 36. Kxd2 f5 37. g5 e5 38. Kc3 f4 39. Kd3 f3 40.
a4 e4+ 41. Ke3 Kf7 42. a5 Ke6 43. a6 Ke5 44. Kf2 Kf4 0-1

[Event "33. Senioren LEM Sachsen-Anhalt 65+"]
[Site "Magdeburg, Germany"]
[Date "2025.07.07"]
[Round "1.18"]
[White "Christen, Pierre"]
[Black "Kluever, Horst"]
[Result "1/2-1/2"]
[WhiteElo "2008"]
[BlackElo "1798"]
[PlyCount "95"]
[EventDate "2025.??.??"]

1. c4 Nf6 2. g3 d5 3. Bg2 dxc4 4. Na3 c6 5. Nxc4 e6 6. Nf3 Nbd7 7. O-O Be7 8.
d3 h6 9. Bd2 O-O 10. b4 Nd5 11. Rb1 Bf6 12. Qb3 Qc7 13. Rfc1 e5 14. e4 N5b6 15.
Ne3 Qd8 16. a4 Nb8 17. a5 Be6 18. Qc2 N6d7 19. Nc4 Qe7 20. Bc3 Bxc4 21. dxc4
Re8 22. Rd1 Nf8 23. c5 Na6 24. Nd2 Nc7 25. Nc4 Nb5 26. Nd6 Na3 27. Qb3 Nxb1 28.
Nxe8 Rxe8 29. Qxb1 Rd8 30. Bh3 Ne6 31. Rxd8+ Nxd8 32. Qd3 Ne6 33. Bxe6 Qxe6 34.
a6 bxa6 35. Qxa6 Qd7 36. Qa1 Qe7 37. f4 exf4 38. Bxf6 gxf6 39. gxf4 Qxe4 40.
Qxa7 Qe1+ 41. Kg2 Qxb4 42. Qa8+ Kg7 43. Qxc6 Qxf4 44. Qd5 f5 45. c6 Qg5+ 46.
Kf2 Qf4+ 47. Kg1 Qc1+ 48. Kf2 1/2-1/2

[Event "33. Senioren LEM Sachsen-Anhalt 65+"]
[Site "Magdeburg, Germany"]
[Date "2025.07.07"]
[Round "1.19"]
[White "Eberhardt, Michael"]
[Black "Gries, Volker"]
[Result "1/2-1/2"]
[WhiteElo "1794"]
[BlackElo "2006"]
[PlyCount "60"]
[EventDate "2025.??.??"]

1. e4 e5 2. Bc4 Nc6 3. Nf3 Be7 4. O-O Nf6 5. d3 O-O 6. Nc3 d6 7. Bg5 h6 8. Bxf6
Bxf6 9. Nd5 Na5 10. h3 c6 11. Nxf6+ Qxf6 12. Nd2 Qd8 13. a4 Nxc4 14. dxc4 Be6
15. f4 exf4 16. Rxf4 Qg5 17. Rf3 Rad8 18. Qe1 Qe5 19. c3 a5 20. Qe3 Qc5 21.
Raf1 Qxe3+ 22. Rxe3 d5 23. cxd5 cxd5 24. exd5 Bxd5 25. Nf3 Bxf3 26. Rexf3 Rd2
27. R3f2 Rfd8 28. Rxd2 Rxd2 29. Rf2 Rd1+ 30. Kh2 Rd5 1/2-1/2

[Event "33. Senioren LEM Sachsen-Anhalt 65+"]
[Site "Magdeburg, Germany"]
[Date "2025.07.07"]
[Round "1.20"]
[White "Krueger, Erich"]
[Black "Schmechtig, Hans-Christian"]
[Result "1-0"]
[WhiteElo "2002"]
[BlackElo "1794"]
[PlyCount "71"]
[EventDate "2025.??.??"]

1. d4 Nf6 2. c4 g6 3. Nc3 Bg7 4. e4 d6 5. Be2 O-O 6. Bg5 h6 7. Be3 Nbd7 8. Qd2
Kh7 9. g4 Nb6 10. f3 e5 11. d5 Ng8 12. h4 f5 13. h5 f4 14. hxg6+ Kxg6 15. Bf2
Bf6 16. O-O-O Bg5 17. Nh3 Nf6 18. Nxg5 hxg5 19. Rh2 Rh8 20. Rdh1 Rh7 21. c5
Nbd7 22. Rxh7 Nxh7 23. cxd6 cxd6 24. Bb5 a6 25. Ba4 Ndf6 26. Kb1 b5 27. Bc2 Bd7
28. Rc1 Rc8 29. Bd3 Qc7 30. Ne2 Qb7 31. Qb4 Rxc1+ 32. Nxc1 Qc7 33. Nb3 Nf8 34.
Qa5 Qc8 35. Qb6 Be8 36. Qxd6 1-0

[Event "33. Senioren LEM Sachsen-Anhalt 65+"]
[Site "Magdeburg, Germany"]
[Date "2025.07.07"]
[Round "1.21"]
[White "Fleischer, Martin"]
[Black "Richter, Rainer"]
[Result "0-1"]
[WhiteElo "1782"]
[BlackElo "1996"]
[PlyCount "144"]
[EventDate "2025.??.??"]

1. e4 c5 2. Nf3 e6 3. d4 cxd4 4. Nxd4 Nf6 5. Bd3 Nc6 6. c3 d5 7. Nxc6 bxc6 8.
e5 Nd7 9. Qe2 g6 10. O-O Bg7 11. f4 O-O 12. Nd2 Nc5 13. Nb3 Nxd3 14. Qxd3 a5
15. Re1 Ba6 16. Qd4 Qc7 17. Nc5 Rfb8 18. Nxa6 Rxa6 19. b3 c5 20. Qa4 Rc6 21.
Bd2 c4 22. Rab1 Bf8 23. Kh1 Rcb6 24. Rec1 Qc5 25. Re1 Rb5 26. b4 axb4 27. cxb4
Qb6 28. a3 d4 29. Qc2 c3 30. Bc1 Rd5 31. Qd3 Qc6 32. Re2 Be7 33. h3 Bd8 34. Ra1
Qb5 35. Qxb5 Rbxb5 36. Rc2 d3 37. Rxc3 d2 38. Bxd2 Rxd2 39. Rc8 Kg7 40. Rb1 Bh4
41. Rc3 Bf2 42. a4 Rbd5 43. Kh2 Ra2 44. a5 Rdd2 45. b5 Bh4 46. Rg1 Rxa5 47. Rb3
Bf2 48. Rgb1 Bb6 49. R1b2 Ra2 50. Rxa2 Rxa2 51. Kg3 Rd2 52. Kf3 Rd5 53. g4 f6
54. exf6+ Kxf6 55. h4 h6 56. Ke4 Rd4+ 57. Kf3 Bc7 58. g5+ hxg5 59. fxg5+ Kf5
60. b6 Bb8 61. Rb5+ Rd5 62. Rb4 Rd3+ 63. Ke2 Rh3 64. Rb5+ Kg4 65. Rb4+ Kf5 66.
Rb5+ Ke4 67. b7 Rh2+ 68. Kf1 Rd2 69. h5 gxh5 70. g6 Rd7 71. Rxh5 Rxb7 72. Rh7
Rxh7 0-1

[Event "33. Senioren LEM Sachsen-Anhalt 65+"]
[Site "Magdeburg, Germany"]
[Date "2025.07.07"]
[Round "1.22"]
[White "Kopp, Peter"]
[Black "Neubauer, Uwe"]
[Result "1-0"]
[WhiteElo "1988"]
[BlackElo "1782"]
[PlyCount "83"]
[EventDate "2025.??.??"]

1. Nf3 Nf6 2. g3 g6 3. Bg2 Bg7 4. d3 d5 5. Nbd2 Nc6 6. e4 dxe4 7. dxe4 Bg4 8.
h3 Bxf3 9. Qxf3 O-O 10. O-O e5 11. c3 a6 12. Nc4 h6 13. Re1 b5 14. Ne3 Ne7 15.
Rd1 Qc8 16. Nc2 Nh7 17. h4 c5 18. Kh2 Qc6 19. Ne3 Nf6 20. Nd5 Nexd5 21. exd5
Qd6 22. Qe2 c4 23. a4 Rab8 24. axb5 axb5 25. Be3 Rfc8 26. f4 Nd7 27. Qf3 f5 28.
Ra7 e4 29. Qe2 Nc5 30. h5 Nd3 31. hxg6 Qxd5 32. Qh5 Qe6 33. Rxg7+ Kxg7 34. Bd4+
Kf8 35. Qxh6+ Ke8 36. Ra1 Rb7 37. Qh8+ Kd7 38. Qg7+ Qe7 39. Qh6 Rc6 40. Ra8 Qe6
41. Qh7+ Kd6 42. Qxb7 1-0

[Event "33. Senioren LEM Sachsen-Anhalt 65+"]
[Site "Magdeburg, Germany"]
[Date "2025.07.07"]
[Round "1.23"]
[White "Weigelt, Joachim"]
[Black "McAndrew, Robert"]
[Result "0-1"]
[WhiteElo "1782"]
[BlackElo "1978"]
[PlyCount "86"]
[EventDate "2025.??.??"]

1. e4 c6 2. d4 d5 3. e5 c5 4. c3 Nc6 5. Nf3 cxd4 6. cxd4 Bg4 7. Nc3 e6 8. Be3
Bb4 9. Be2 Nge7 10. O-O Nf5 11. a3 Nxe3 12. fxe3 Be7 13. h3 Bh5 14. Nh2 Bg6 15.
Bf3 O-O 16. Ne2 Bg5 17. Nf4 Bxf4 18. exf4 Qb6 19. Kh1 Nxd4 20. b4 Rac8 21. Rc1
Nf5 22. g4 Ne3 23. Qe1 Bd3 24. Rg1 Rc4 25. Rxc4 dxc4 26. Be2 Rd8 27. Rg3 Bxe2
28. Qxe2 Rd1+ 29. Rg1 Rxg1+ 30. Kxg1 Nxg4+ 31. Kg2 Ne3+ 32. Kf3 Nf5 33. Qe4 c3
34. Qc4 Qe3+ 35. Kg2 Nh4+ 36. Kh1 h5 37. Qc8+ Kh7 38. Qc4 g6 39. a4 c2 40. Qxc2
Qe1+ 41. Nf1 Qxf1+ 42. Kh2 Qxf4+ 43. Kg1 Qxe5 0-1

[Event "33. Senioren LEM Sachsen-Anhalt 65+"]
[Site "Magdeburg, Germany"]
[Date "2025.07.07"]
[Round "1.24"]
[White "Stern, Geoffrey"]
[Black "Rudolph, Karl-Heinz"]
[Result "1-0"]
[WhiteElo "1974"]
[BlackElo "1779"]
[PlyCount "93"]
[EventDate "2025.??.??"]

1. d4 Nf6 2. Nc3 e6 3. Bf4 d5 4. Nb5 Bb4+ 5. c3 Ba5 6. a4 O-O 7. b4 c6 8. bxa5
cxb5 9. axb5 Ne4 10. Qb3 Nd7 11. f3 g5 12. Bd2 Nxd2 13. Kxd2 g4 14. e3 f5 15.
f4 Nf6 16. Bd3 Ne4+ 17. Bxe4 fxe4 18. Ne2 a6 19. h3 Bd7 20. b6 Qh4 21. g3 Qh5
22. hxg4 Qxg4 23. Raf1 Bb5 24. Qd1 Rf7 25. Rh4 Qxe2+ 26. Qxe2 Bxe2 27. Kxe2 Rg7
28. g4 Rc8 29. Kd2 Rc4 30. Ra1 h6 31. Kc2 Rh7 32. Kb3 Rh8 33. Rah1 Kg7 34. g5
Rhc8 35. gxh6+ Kh7 36. Rc1 Rg8 37. Rh3 Rg6 38. Rf1 Rc8 39. Rh5 Rg3 40. Re1 Rg6
41. f5 exf5 42. Rxf5 Rd8 43. Rf7+ Kxh6 44. Rh1+ Kg5 45. Rg1+ Kh6 46. Rxg6+ Kxg6
47. Rxb7 1-0

[Event "33. Senioren LEM Sachsen-Anhalt 65+"]
[Site "Maritim-Hotel Magdeburg"]
[Date "2025.07.07"]
[Round "1.25"]
[White "Klimpel, Siegfried"]
[Black "Reinhold, Klaus"]
[Result "0-1"]
[WhiteElo "1764"]
[BlackElo "1969"]
[PlyCount "50"]
[EventDate "2025.07.07"]
[WhiteTeam "TSV Kareth-Lappersdorf"]
[BlackTeam "Schachclub Gronau 1920"]

1. e4 e5 2. Bc4 Nf6 3. d3 Bc5 4. Nc3 c6 5. Bg5 h6 6. Bh4 d6 7. a3 g5 8. Bg3 h5
9. h4 g4 10. Nge2 Nbd7 11. Na4 b5 12. Nxc5 Nxc5 13. Ba2 Be6 14. Bb1 Qb6 15. Qd2
O-O-O 16. Nc3 Ncd7 17. a4 b4 18. a5 bxc3 19. bxc3 Qb2 20. Ra4 Qxb1+ 21. Ke2
Qxh1 22. Qe3 Nc5 23. Rb4 Qxg2 24. Qc1 Qf3+ 25. Kd2 Nfxe4+ 0-1

[Event "33. Senioren LEM Sachsen-Anhalt 65+"]
[Site "Maritim-Hotel Magdeburg"]
[Date "2025.07.07"]
[Round "1.26"]
[White "Birken, Michael"]
[Black "Reimers, Christine"]
[Result "1-0"]
[WhiteElo "1967"]
[BlackElo "1752"]
[PlyCount "95"]
[EventDate "2025.07.07"]
[WhiteTeam "SK Gerolzhofen"]
[BlackTeam "Itzehoer SV von 1923"]

1. e4 d6 2. d4 Nf6 3. Nc3 g6 4. Nf3 Bg7 5. Be2 O-O 6. O-O c6 7. Bg5 h6 8. Bh4
Qc7 9. h3 Nbd7 10. Qd2 b5 11. a3 Nb6 12. d5 Nc4 13. Bxc4 bxc4 14. Bxf6 exf6 15.
dxc6 Qxc6 16. Rad1 Re8 17. Qxd6 Bb7 18. Qxc6 Bxc6 19. Rd4 f5 20. Rxc4 Bxe4 21.
Nxe4 fxe4 22. Nd4 e3 23. Re1 exf2+ 24. Kxf2 Red8 25. c3 Rab8 26. Re2 Rb6 27.
Nc6 Ra8 28. Ne7+ Kf8 29. Rc8+ Rxc8 30. Nxc8 Rf6+ 31. Ke1 a6 32. Rd2 Re6+ 33.
Kd1 Bf6 34. Rd6 Be5 35. Rxe6 fxe6 36. Nb6 Ke7 37. Nc4 Bc7 38. b4 Kd7 39. Ke2
Kc6 40. Kd3 Kd5 41. Ne3+ Kc6 42. a4 h5 43. Kc4 Be5 44. Nc2 Kd7 45. Nd4 Bd6 46.
b5 axb5+ 47. axb5 Kc7 48. Nxe6+ 1-0

[Event "33. Senioren LEM Sachsen-Anhalt 65+"]
[Site "Maritim-Hotel Magdeburg"]
[Date "2025.07.07"]
[Round "1.27"]
[White "Peter, Volkhard"]
[Black "Mikolajewski, Armin"]
[Result "0-1"]
[WhiteElo "1750"]
[BlackElo "1964"]
[PlyCount "62"]
[EventDate "2025.07.07"]
[WhiteTeam "SV Einheit Schwerin"]
[BlackTeam "Naumburger Sportverein 1951"]

1. e4 e5 2. f4 exf4 3. Bc4 Nf6 4. Nc3 c6 5. Nf3 d5 6. exd5 Nxd5 7. O-O Be7 8.
Re1 O-O 9. Bxd5 cxd5 10. d4 Bg4 11. Bxf4 Nc6 12. Be3 Bf6 13. Rf1 Re8 14. Bf2
Qd7 15. Qd2 Bxf3 16. gxf3 Qf5 17. Ne2 Qxf3 18. Nf4 Bg5 19. Bg3 Bxf4 20. Bxf4
Qe2 21. Rf2 Qxd2 22. Rxd2 Re4 23. Rf1 Nxd4 24. Rdf2 Ne2+ 25. Kh1 Nxf4 26. Rxf4
Rxf4 27. Rxf4 Re8 28. c4 dxc4 29. Rxc4 g6 30. Rc7 Re1+ 31. Kg2 Re2+ 0-1